Marketing Channels (Record no. 2053)

MARC details
000 -LEADER
fixed length control field 00381nam a22001697a 4500
005 - DATE AND TIME OF LATEST TRANSACTION
control field 20160528121308.0
008 - FIXED-LENGTH DATA ELEMENTS--GENERAL INFORMATION
fixed length control field 160528b xxu||||| |||| 00| 0 eng d
020 ## - INTERNATIONAL STANDARD BOOK NUMBER
ISBN 81-203-2069-7
041 ## - LANGUAGE CODE
Language code of text/sound track or separate title eng
082 ## - DEWEY DECIMAL CLASSIFICATION NUMBER
Item number 5794
100 ## - MAIN ENTRY--AUTHOR NAME
Personal name Stern, Lovisw
245 ## - TITLE STATEMENT
Title Marketing Channels
260 ## - PUBLICATION, DISTRIBUTION, ETC. (IMPRINT)
Place of publication New Delhi
Name of publisher PHI,
300 ## - PHYSICAL DESCRIPTION
Number of Pages 565
650 ## - SUBJECT ADDED ENTRY--TOPICAL TERM
Topical Term Management
942 ## - ADDED ENTRY ELEMENTS (KOHA)
Koha item type Books
Holdings
Lost status Damaged status Collection code Home library Current library Shelving location Date acquired Cost, normal purchase price Full call number Accession Number Koha item type
    MANAGEMENT JRU Library JRU Library SHELF-73-G 28/05/2016 195.00 5794 5794 Books
    MANAGEMENT JRU Library JRU Library SHELF-73-G 28/05/2016 195.00 5794 5795 Books
    MANAGEMENT JRU Library JRU Library SHELF-73-G 28/05/2016 195.00 5794 5796 Books
    MANAGEMENT JRU Library JRU Library SHELF-73-G 28/05/2016 195.00 5794 5797 Books
    MANAGEMENT JRU Library JRU Library SHELF-73-G 28/05/2016 195.00 5794 5798 Books
    Reference JRU Library   SHELF-30-H 28/05/2016 195.00 5794 5799 Books